Los vagabundos /

Guardado en:
Autor Principal: London, Jack
Formato: Libro
Publicado: Madrid : Club Internacional del Librro, 1999
Materias:
Etiquetas: Agregar Etiqueta
Sin Etiquetas, Sea el primero en etiquetar este registro!
LEADER 00614nam a22002175a 4500
001 CEM.cems016908
005 20121122105439.0
008 130507s1999##################000#0#####d
003 CEMS
020 |a 8482651919 
082 0 4 |a 813.5 
100 1 |a London, Jack 
245 1 0 |a Los vagabundos /  |c Jack London, 
260 |a Madrid :  |b Club Internacional del Librro,  |c 1999 
300 |a 189 p. 
653 |a Literatura 
653 |a Literatura eeuu 
653 |a Novelas 
653 |a Literatura norteamericana 
653 |a Novela norteamericana 
859 |a CEMS  |b BIB. CEMS - Agricultura  |h 813.5  |i L846-1  |p A0151.00  |t Ej.1  |v 1  |3 Vol. 1